[Event "Campeonato del Mundo Sub-20 2007 Fem."]
[Site "Yerevan ARM"]
[Date "2007.10.05"]
[Round "3.6"]
[White "Mongontuul, Bathuyag"]
[Black "Dauletova, Gulmira"]
[Result "1-0"]
[WhiteElo "2405"]
[BlackElo "2210"]
[PlyCount "75"]
[EventDate "2007.10.03"]
[EventType "swiss"]
[EventRounds "13"]
[EventCountry "ARM"]
[Source "lmi"]
[SourceDate "2007.10.03"]

1. d4 Nf6 2. Nf3 g6 3. Bf4 Bg7 4. e3 d6 5. Bc4 O-O 6. O-O Nbd7 7. Nbd2 c6 8. a4
Qc7 9. h3 e5 10. Bh2 h6 11. Ba2 Kh7 12. e4 b5 13. axb5 cxb5 14. Rc1 Bb7 15. Re1
Nh5 16. c4 exd4 17. cxb5 Qa5 18. Bc4 Qb6 19. Bf1 Ne5 20. g4 Nxf3+ 21. Qxf3 Nf6
22. Nc4 Qxb5 23. Nxd6 Qb4 24. Nxb7 Qxb7 25. Rc7 Qb4 26. Rec1 Kg8 27. e5 Nh7 28.
h4 Qxb2 29. R1c5 Qa1 30. Kg2 Rae8 31. Bc4 Kh8 32. Rxf7 d3 33. Qxd3 Rxf7 34.
Bxf7 Rf8 35. Bxg6 Qe1 36. Rc2 Qb4 37. f4 Qe7 38. Bxh7 1-0

[Event "Campeonato del Mundo Sub-20 2007 Fem."]
[Site "Yerevan ARM"]
[Date "2007.10.05"]
[Round "3.8"]
[White "Melia, Salome"]
[Black "Airapetian, Tatevik"]
[Result "0-1"]
[WhiteElo "2365"]
[BlackElo "2193"]
[PlyCount "76"]
[EventDate "2007.10.03"]
[EventType "swiss"]
[EventRounds "13"]
[EventCountry "ARM"]
[Source "lmi"]
[SourceDate "2007.10.03"]

1. e4 c5 2. Nf3 d6 3. d4 cxd4 4. Nxd4 Nf6 5. Nc3 a6 6. Bg5 e6 7. Qf3 Nbd7 8.
O-O-O h6 9. Be3 Qc7 10. Qg3 b5 11. f3 b4 12. Na4 Ne5 13. b3 Bd7 14. Nb2 Qb7 15.
Nd3 Nxd3+ 16. Bxd3 a5 17. Rhe1 a4 18. Kb1 e5 19. Ne2 Be6 20. Nc1 g6 21. Qf2 Bg7
22. g4 axb3 23. cxb3 d5 24. g5 hxg5 25. Bxg5 d4 26. Bxf6 Bxf6 27. Rg1 Ke7 28.
Rd2 Bg7 29. Rc2 Kd6 30. Ne2 Qa7 31. Rgc1 Rhc8 32. Qe1 Qa3 33. Bb5 Rc3 34. Nxc3
bxc3 35. Ba4 Rb8 36. Qe2 Qxa4 37. Rxc3 dxc3 38. Rxc3 Qb5 0-1

[Event "Campeonato del Mundo Sub-20 2007 Fem."]
[Site "Yerevan ARM"]
[Date "2007.10.05"]
[Round "3.10"]
[White "Harika, Dronavalli"]
[Black "Kharatyan, Anahit"]
[Result "1-0"]
[WhiteElo "2480"]
[BlackElo "2102"]
[PlyCount "59"]
[EventDate "2007.10.03"]
[EventType "swiss"]
[EventRounds "13"]
[EventCountry "ARM"]
[Source "lmi"]
[SourceDate "2007.10.03"]

1. Nf3 f5 2. c4 Nf6 3. g3 e6 4. Bg2 d5 5. O-O d4 6. d3 c5 7. e3 Nc6 8. exd4
cxd4 9. Re1 Bb4 10. Nbd2 O-O 11. a3 Bd6 12. b4 f4 13. Ng5 Ne5 14. Ndf3 fxg3 15.
fxg3 Nfg4 16. Nxe5 Nxe5 17. Ne4 Ng6 18. Qh5 Rf5 19. Ng5 Nf8 20. g4 Rf6 21. Ne4
Rf7 22. Bg5 Qc7 23. Rf1 Bf4 24. Bxf4 Rxf4 25. Rxf4 Qxf4 26. Rf1 Qe3+ 27. Kh1 g6
28. Qe5 Bd7 29. Nf6+ Kg7 30. Nxd7+ 1-0

[Event "Campeonato del Mundo Sub-20 2007 Fem."]
[Site "Yerevan ARM"]
[Date "2007.10.05"]
[Round "3.14"]
[White "Gasik, Anna"]
[Black "Alaverdyan, Lusine"]
[Result "1-0"]
[WhiteElo "2191"]
[BlackElo "1990"]
[PlyCount "103"]
[EventDate "2007.10.03"]
[EventType "swiss"]
[EventRounds "13"]
[EventCountry "ARM"]
[Source "lmi"]
[SourceDate "2007.10.03"]

1. e4 c5 2. Nf3 Nc6 3. d4 cxd4 4. Nxd4 g6 5. c4 Bg7 6. Be3 Nf6 7. Nc3 Ng4 8.
Qxg4 Nxd4 9. Qd1 Ne6 10. Rc1 O-O 11. Bd3 d6 12. O-O b6 13. Qd2 Nc5 14. Bb1 a5
15. Bh6 Be6 16. Bxg7 Kxg7 17. Nd5 f6 18. f4 Bf7 19. Rf3 h5 20. h4 e5 21. f5
gxf5 22. exf5 Kh7 23. Rd1 Ra7 24. Rg3 Rg8 25. Rxg8 Bxg8 26. Ne3 Rd7 27. b3 Qf8
28. Kf2 Qh6 29. g3 Qf8 30. Qe2 Qe8 31. Bc2 Bf7 32. Nd5 Bxd5 33. Rxd5 Kg7 34.
Qd1 Nb7 35. Be4 Nc5 36. Bf3 e4 37. Bxh5 Qe7 38. Ke3 Kf8 39. Bg6 Nd3 40. Qh5 Qg7
41. Rd4 Nc5 42. g4 a4 43. b4 Na6 44. a3 Nc7 45. g5 fxg5 46. Qxg5 Ne8 47. Bxe8
Kxe8 48. Rxe4+ Kf8 49. f6 Qh7 50. h5 b5 51. Re7 Rxe7+ 52. fxe7+ 1-0

[Event "Campeonato del Mundo Sub-20 2007 Fem."]
[Site "Yerevan ARM"]
[Date "2007.10.05"]
[Round "3.16"]
[White "Markantonaki, Haritomeni"]
[Black "Salvador, Aices"]
[Result "1-0"]
[WhiteElo "2161"]
[BlackElo "1927"]
[PlyCount "65"]
[EventDate "2007.10.03"]
[EventType "swiss"]
[EventRounds "13"]
[EventCountry "ARM"]
[Source "lmi"]
[SourceDate "2007.10.03"]

1. e4 e6 2. d4 d5 3. Nd2 dxe4 4. Nxe4 Nd7 5. Bd3 Ngf6 6. Qe2 c5 7. Nxf6+ Nxf6
8. dxc5 Bxc5 9. Nf3 O-O 10. O-O b6 11. Bg5 Bb7 12. Rad1 Qe7 13. Ne5 Rfd8 14.
Ng4 Rd5 15. h4 Rd4 16. Bxh7+ Kxh7 17. Rxd4 Bxd4 18. Qd3+ Kg8 19. Qxd4 Rd8 20.
Qf4 Rd5 21. Bxf6 gxf6 22. Nxf6+ Kg7 23. Nxd5 Bxd5 24. Qg5+ Qxg5 25. hxg5 Kg6
26. f4 Kf5 27. a4 a6 28. g3 Bc6 29. b3 Be4 30. Rf2 b5 31. axb5 axb5 32. Rd2 Bd5
33. Rd4 1-0

[Event "Campeonato del Mundo Sub-20 2007 Fem."]
[Site "Yerevan ARM"]
[Date "2007.10.05"]
[Round "3.18"]
[White "Gevorgyan, Irina"]
[Black "Bokuchava, Madona"]
[Result "1-0"]
[WhiteElo "2078"]
[BlackElo "2130"]
[PlyCount "111"]
[EventDate "2007.10.03"]
[EventType "swiss"]
[EventRounds "13"]
[EventCountry "ARM"]
[Source "lmi"]
[SourceDate "2007.10.03"]

1. e4 c5 2. Nf3 d6 3. d4 cxd4 4. Nxd4 Nf6 5. Nc3 Nc6 6. Bc4 Qb6 7. Nxc6 bxc6 8.
O-O g6 9. Kh1 Bg7 10. f4 O-O 11. Qd3 Nd7 12. Qg3 Qb4 13. Bb3 Ba6 14. Re1 e6 15.
a3 Qa5 16. Bd2 d5 17. Rad1 Qc7 18. Be3 Nb6 19. Bc5 Rfd8 20. e5 Nd7 21. Bd6 Qc8
22. Ne2 Bxe2 23. Rxe2 a5 24. a4 Re8 25. Qh4 Qd8 26. Qf2 Qb6 27. Qh4 Nc5 28. Qf2
Nd7 29. Qh4 Nc5 30. Qf2 Nd7 31. Qh4 Qd8 32. Qg3 Ra6 33. c4 Rb6 34. Red2 Bf8 35.
f5 Bxd6 36. exd6 Nc5 37. fxg6 hxg6 38. Bc2 Kg7 39. Qc3+ Qf6 40. Qxa5 Nd7 41.
Qa7 Rd8 42. b3 c5 43. cxd5 Rxd6 44. Qc7 exd5 45. h3 Re8 46. Bd3 Re3 47. Be2 Qe5
48. Bf1 d4 49. a5 Qd5 50. Bc4 Qe5 51. Rf1 Re1 52. Rxe1 Qxe1+ 53. Kh2 Qe5+ 54.
g3 d3 55. Bxd3 Nf6 56. Re2 1-0

[Event "Campeonato del Mundo Sub-20 2007 Fem."]
[Site "Yerevan ARM"]
[Date "2007.10.06"]
[Round "4.1"]
[White "Nebolsina, Vera"]
[Black "Khotenashvili, Bela"]
[Result "1-0"]
[WhiteElo "2349"]
[BlackElo "2328"]
[PlyCount "82"]
[EventDate "2007.10.03"]
[EventType "swiss"]
[EventRounds "13"]
[EventCountry "ARM"]
[Source "lmi"]
[SourceDate "2007.10.03"]

1. e4 c6 2. d4 d5 3. exd5 cxd5 4. c4 Nf6 5. Nc3 e6 6. Nf3 Bb4 7. cxd5 Nxd5 8.
Qc2 Nc6 9. Bd3 Ba5 10. a3 Nxc3 11. bxc3 Nxd4 12. Nxd4 Qxd4 13. Bb5+ Bd7 14. O-O
Qe5 15. Bxd7+ Kxd7 16. Qa4+ Ke7 17. Rb1 b6 18. Bf4 Qf5 19. Rb5 Qg6 20. Rg5 Qf6
21. Rg3 h6 22. Rf3 Qg6 23. Qc6 Rhd8 24. Bc7 Rac8 25. Bxd8+ Rxd8 26. h3 Qh5 27.
Re1 Qd5 28. Qc7+ Rd7 29. Qf4 Ke8 30. Qb8+ Rd8 31. Qxa7 Qd7 32. Qa6 Qd2 33. Qb5+
Ke7 34. Qe5 Rd6 35. Ree3 f6 36. Qe4 Qc1+ 37. Kh2 b5 38. Qg6 Bc7 39. Qxg7+ Kd8
40. g3 Kc8 41. Rd3 Rxd3 1-0

[Event "Campeonato del Mundo Sub-20 2007 Fem."]
[Site "Yerevan ARM"]
[Date "2007.10.06"]
[Round "4.4"]
[White "Vega Gutierrez, Sabrina"]
[Black "Mongontuul, Bathuyag"]
[Result "1-0"]
[WhiteElo "2331"]
[BlackElo "2405"]
[PlyCount "97"]
[EventDate "2007.10.03"]
[EventType "swiss"]
[EventRounds "13"]
[EventCountry "ARM"]
[Source "lmi"]
[SourceDate "2007.10.03"]

1. e4 c5 2. Nc3 a6 3. g3 b5 4. Bg2 Bb7 5. d3 e6 6. Nf3 d5 7. exd5 exd5 8. O-O
Be7 9. Re1 Nf6 10. Nh4 Qd7 11. Qf3 O-O 12. Nf5 Bd8 13. Bg5 Ra7 14. d4 cxd4 15.
Ne2 Nc6 16. Nexd4 Nxd4 17. Nxd4 Ne4 18. Bxd8 Rxd8 19. Rad1 Raa8 20. Nf5 Qe6 21.
Nd4 Qb6 22. Re3 h6 23. Qe2 Rac8 24. f3 Nd6 25. Bh3 Rc4 26. Qd3 b4 27. Kh1 g6
28. Re7 Bc8 29. Bxc8 Rcxc8 30. Qe3 Nc4 31. Qf4 Rf8 32. Ne6 Qxe6 33. Rxe6 fxe6
34. Qxh6 Rf6 35. Rd4 Ne5 36. Rh4 Nf7 37. Qh7+ Kf8 38. Rxb4 e5 39. c3 Re8 40.
Kg2 e4 41. f4 e3 42. Kf1 e2+ 43. Ke1 g5 44. Qh3 Kg7 45. Qg4 Rg6 46. Rb7 gxf4
47. Qd7 Rf8 48. gxf4 Rg2 49. Qh3 1-0

[Event "Campeonato del Mundo Sub-20 2007 Fem."]
[Site "Yerevan ARM"]
[Date "2007.10.06"]
[Round "4.5"]
[White "Pertlova, Sona"]
[Black "Harika, Dronavalli"]
[Result "0-1"]
[WhiteElo "2169"]
[BlackElo "2480"]
[PlyCount "170"]
[EventDate "2007.10.03"]
[EventType "swiss"]
[EventRounds "13"]
[EventCountry "ARM"]
[Source "lmi"]
[SourceDate "2007.10.03"]

1. d4 Nf6 2. c4 g6 3. Nc3 d5 4. Nf3 Bg7 5. Bf4 O-O 6. Rc1 dxc4 7. e4 Bg4 8.
Bxc4 Nh5 9. Be3 Bxf3 10. gxf3 e5 11. dxe5 Bxe5 12. Qxd8 Rxd8 13. Ne2 Nc6 14. f4
Bxb2 15. Rb1 Ba3 16. O-O Na5 17. Bb3 b6 18. Nc3 Nxb3 19. axb3 Bf8 20. b4 c6 21.
Rfc1 Bh6 22. Ne2 Rac8 23. Kg2 Rd3 24. Rc4 Nf6 25. Rbc1 Re8 26. Kf3 Bf8 27. Ra1
b5 28. Rxc6 Nxe4 29. Rxa7 Nxf2 30. Kxf2 Rdxe3 31. Ng3 Bxb4 32. Rb7 Rb3 33. Rcc7
Ra8 34. Kg2 Rf8 35. Rxb5 Rb2+ 36. Kh3 Bd6 37. Rxb2 Bxc7 38. f5 Re8 39. Kg4 Kg7
40. Rb7 Bxg3 41. hxg3 Re4+ 42. Kf3 gxf5 43. Rb6 Re6 44. Rb8 Ra6 45. Kf4 Kf6 46.
Rh8 Ra4+ 47. Kf3 Kg7 48. Rb8 h5 49. Rb5 Kg6 50. Rb6+ Kg5 51. Rb5 Ra3+ 52. Kg2
f6 53. Rc5 Re3 54. Kf2 Re5 55. Rc6 Ra5 56. Kf3 Ra3+ 57. Kg2 Ra4 58. Rb6 f4 59.
gxf4+ Rxf4 60. Rb8 Ra4 61. Kh3 Ra3+ 62. Kg2 f5 63. Rb4 Re3 64. Kf2 Re4 65. Rb8
Ra4 66. Kg2 Ra6 67. Kf3 Ra3+ 68. Kg2 Kg4 69. Rg8+ Kh4 70. Rf8 Rg3+ 71. Kf2 Rg5
72. Kf3 Kh3 73. Kf4 Rg1 74. Rh8 Rf1+ 75. Kg5 Kg3 76. Rxh5 f4 77. Rh4 f3 78.
Rg4+ Kf2 79. Rb4 Rc1 80. Rb2+ Kg3 81. Rb3 Rc5+ 82. Kg6 Kg2 83. Rb4 f2 84. Rg4+
Kf3 85. Rg5 Rxg5+ 0-1

[Event "Campeonato del Mundo Sub-20 2007 Fem."]
[Site "Yerevan ARM"]
[Date "2007.10.06"]
[Round "4.7"]
[White "Gomes, Mary Ann"]
[Black "Martirosian, Lia"]
[Result "1/2-1/2"]
[WhiteElo "2262"]
[BlackElo "2121"]
[PlyCount "60"]
[EventDate "2007.10.03"]
[EventType "swiss"]
[EventRounds "13"]
[EventCountry "ARM"]
[Source "lmi"]
[SourceDate "2007.10.03"]

1. b3 d5 2. Bb2 c5 3. Nf3 f6 4. c4 d4 5. b4 e5 6. bxc5 Bxc5 7. d3 Nc6 8. Nbd2
Nge7 9. g3 O-O 10. Bg2 Nf5 11. O-O a5 12. Ne4 Be7 13. Qc1 Nd6 14. Nxd6 Qxd6 15.
Nd2 Bg4 16. Re1 f5 17. a4 Rab8 18. Ba3 Nb4 19. c5 Qxc5 20. Qxc5 Bxc5 21. Rec1
b6 22. f3 Bh5 23. Nc4 Rfe8 24. Nxa5 Ra8 25. Bxb4 Bxb4 26. Nc4 Bc5 27. Rcb1 Ra6
28. Rb2 Bf7 29. Rc1 Bxc4 30. Rxc4 Re7 1/2-1/2

[Event "Campeonato del Mundo Sub-20 2007 Fem."]
[Site "Yerevan ARM"]
[Date "2007.10.06"]
[Round "4.8"]
[White "Limontaite, Simona"]
[Black "Arutyunova, Diana"]
[Result "1-0"]
[WhiteElo "2141"]
[BlackElo "2256"]
[PlyCount "103"]
[EventDate "2007.10.03"]
[EventType "swiss"]
[EventRounds "13"]
[EventCountry "ARM"]
[Source "lmi"]
[SourceDate "2007.10.03"]

1. d4 Nf6 2. c4 c5 3. d5 e6 4. Nc3 exd5 5. cxd5 d6 6. e4 g6 7. h3 Bg7 8. Nf3
O-O 9. Bd3 Na6 10. O-O b6 11. Re1 Nc7 12. Bf4 Rb8 13. a4 Bb7 14. Bh2 Nfe8 15.
Qc2 Na6 16. Bxa6 Bxa6 17. e5 Rc8 18. Rad1 Bb7 19. Nb5 dxe5 20. Nxa7 Ra8 21. Nc6
Bxc6 22. dxc6 Qc8 23. Nxe5 Bxe5 24. Bxe5 Qxc6 25. b3 Ra7 26. Bb2 Rd7 27. b4
Rxd1 28. Rxd1 Ng7 29. Qc3 f6 30. a5 bxa5 31. bxc5 Nf5 32. Qxa5 Nh4 33. Qa2+ Kg7
34. Qd5 Qxd5 35. Rxd5 Nf5 36. Rd7+ Rf7 37. c6 Ne7 38. Rd6 Nc8 39. Re6 g5 40.
Bd4 Kg6 41. g4 Ne7 42. c7 Nc8 43. Rc6 h5 44. Kf1 hxg4 45. hxg4 Kg7 46. Ke2 Rf8
47. Kd3 Kg6 48. Kc4 Ne7 49. Bc5 Nxc6 50. Bxf8 Na7 51. Kc5 Kf7 52. Kb6 1-0

[Event "Campeonato del Mundo Sub-20 2007 Fem."]
[Site "Yerevan ARM"]
[Date "2007.10.06"]
[Round "4.13"]
[White "Hairapetian, Anna"]
[Black "Gasik, Anna"]
[Result "1-0"]
[WhiteElo "2030"]
[BlackElo "2191"]
[PlyCount "99"]
[EventDate "2007.10.03"]
[EventType "swiss"]
[EventRounds "13"]
[EventCountry "ARM"]
[Source "lmi"]
[SourceDate "2007.10.03"]

1. e4 c5 2. Nf3 e6 3. d4 cxd4 4. Nxd4 a6 5. c4 Qc7 6. Bd3 Nf6 7. O-O d6 8. b3
Nbd7 9. Bc2 b6 10. Bb2 Bb7 11. Nc3 Be7 12. Kh1 O-O 13. f4 Rac8 14. Qe2 Qb8 15.
Rae1 Bd8 16. e5 Ne8 17. f5 Nxe5 18. fxe6 Nf6 19. Bf5 Rc7 20. Ba3 Re7 21. Bxd6
Qxd6 22. Qxe5 Qxe5 23. Rxe5 Kh8 24. Rfe1 g6 25. exf7 Rxe5 26. Rxe5 gxf5 27. Ne6
Be7 28. Nxf8 Bxf8 29. Re8 Kg7 30. Rb8 Be4 31. Rxb6 Bc5 32. Rxa6 Ng4 33. Nd1 f4
34. Ra5 Be7 35. h3 Bd8 36. Rb5 Nf6 37. Nf2 Bc6 38. Rf5 Kxf7 39. Rxf4 Ke6 40. b4
Bc7 41. Rd4 Ke5 42. Rd2 Kf4 43. b5 Be4 44. c5 Ke3 45. Nxe4 Nxe4 46. Rd7 Be5 47.
c6 Kf2 48. Rf7+ Ke1 49. Rf3 Ng3+ 50. Rxg3 1-0

[Event "Campeonato del Mundo Sub-20 2007 Fem."]
[Site "Yerevan ARM"]
[Date "2007.10.06"]
[Round "4.16"]
[White "Gutierrez Mancillas, Alicia Abig"]
[Black "Kulon, Klaudia"]
[Result "1-0"]
[WhiteElo "1981"]
[BlackElo "2139"]
[PlyCount "85"]
[EventDate "2007.10.03"]
[EventType "swiss"]
[EventRounds "13"]
[EventCountry "ARM"]
[Source "lmi"]
[SourceDate "2007.10.03"]

1. e4 e5 2. Nf3 Nc6 3. Bc4 Nf6 4. d4 exd4 5. O-O Bc5 6. e5 d5 7. exf6 dxc4 8.
Re1+ Be6 9. Ng5 Qd5 10. Nc3 Qf5 11. Nce4 O-O-O 12. g4 Qe5 13. Nxe6 fxe6 14.
fxg7 Rhg8 15. Bh6 d3 16. c3 d2 17. Re2 Bb6 18. Qf1 Rd3 19. Rd1 Ne7 20. Ng5 Qd5
21. Rxe6 Qd7 22. Qe2 Nd5 23. Nxh7 Ne3 24. Nf8 Nxd1 25. Re8+ Qxe8 26. Qxe8+ Rd8
27. Qe6+ Kb8 28. Qxg8 Bxf2+ 29. Kh1 Ne3 30. Nd7+ Kc8 31. Qxd8+ Kxd8 32. g8=Q+
Kxd7 33. Qg7+ Kc6 34. Qg6+ Kd5 35. Qh5+ Ke4 36. g5 d1=Q+ 37. Qxd1 Nxd1 38. g6
Bd4 39. cxd4 Nf2+ 40. Kg2 Ng4 41. Bg5 Kf5 42. g7 Nf6 43. Bxf6 1-0

[Event "Campeonato del Mundo Sub-20 2007 Fem."]
[Site "Yerevan ARM"]
[Date "2007.10.06"]
[Round "4.17"]
[White "Bokuchava, Madona"]
[Black "Grigorian, Marine"]
[Result "1/2-1/2"]
[WhiteElo "2130"]
[BlackElo "2078"]
[PlyCount "42"]
[EventDate "2007.10.03"]
[EventType "swiss"]
[EventRounds "13"]
[EventCountry "ARM"]
[Source "lmi"]
[SourceDate "2007.10.03"]

1. d4 d5 2. c4 e6 3. Nc3 Nf6 4. cxd5 exd5 5. Bg5 Nbd7 6. e3 c6 7. Bd3 Be7 8.
Qc2 Nh5 9. Bxe7 Qxe7 10. Nge2 g6 11. O-O O-O 12. Rab1 Nb6 13. Na4 Nxa4 14. Qxa4
Ng7 15. b4 a6 16. Qc2 Bf5 17. a4 Rfc8 18. Nf4 Be4 19. Bxe4 dxe4 20. Qc5 Nf5 21.
Rfc1 Nd6 1/2-1/2

[Event "Campeonato del Mundo Sub-20 2007 Fem."]
[Site "Yerevan ARM"]
[Date "2007.10.06"]
[Round "4.19"]
[White "Karapetyan, Lusine"]
[Black "Rudolf, Anna"]
[Result "1/2-1/2"]
[WhiteElo "1950"]
[BlackElo "2273"]
[PlyCount "108"]
[EventDate "2007.10.03"]
[EventType "swiss"]
[EventRounds "13"]
[EventCountry "ARM"]
[Source "lmi"]
[SourceDate "2007.10.03"]

1. e4 e6 2. d4 d5 3. Nc3 Bb4 4. Nge2 Nf6 5. e5 Nfd7 6. f4 b6 7. Qd3 Ba6 8. Qg3
g6 9. Be3 Nc6 10. O-O-O Na5 11. Kb1 c6 12. h4 Qc7 13. h5 O-O-O 14. Qf3 Kb8 15.
g4 Nc4 16. Bc1 f5 17. exf6 Nxf6 18. hxg6 hxg6 19. Bh3 Rde8 20. g5 Nh5 21. Bg4
Ng7 22. Rxh8 Rxh8 23. Rh1 Rxh1 24. Qxh1 Qf7 25. Qh7 Bf8 26. Ng1 Nd6 27. Nf3
Ngf5 28. Qxf7 Nxf7 29. Bxf5 exf5 30. Nh4 Nh8 31. Nd1 Bg7 32. Be3 Kc7 33. Nf2
Kd6 34. Nh3 c5 35. c3 Bd3+ 36. Kc1 c4 37. Ng1 Be4 38. Ngf3 Bxf3 39. Nxf3 Nf7
40. Nh4 Nh8 41. Kc2 Ke6 42. Bc1 b5 43. b3 Bf8 44. Nf3 Nf7 45. Nh4 Nh8 46. Nf3
Nf7 47. b4 Bd6 48. Ne5 Bxe5 49. dxe5 Nd8 50. Be3 Nc6 51. a3 a6 52. Kd2 Kd7 53.
Bc5 Ke6 54. Be3 Kd7 1/2-1/2

[Event "Campeonato del Mundo Sub-20 2007 Fem."]
[Site "Yerevan ARM"]
[Date "2007.10.06"]
[Round "4.20"]
[White "Hamza, Amira"]
[Black "Mnatsakanyan, Diana"]
[Result "0-1"]
[WhiteElo "1961"]
[BlackElo "1970"]
[PlyCount "94"]
[EventDate "2007.10.03"]
[EventType "swiss"]
[EventRounds "13"]
[EventCountry "ARM"]
[Source "lmi"]
[SourceDate "2007.10.03"]

1. d4 e6 2. c4 b6 3. Nc3 Bb7 4. a3 Nf6 5. Bg5 Be7 6. f3 d5 7. e3 O-O 8. Bd3
Nbd7 9. Nge2 c5 10. O-O Rc8 11. cxd5 Nxd5 12. Bxe7 Qxe7 13. Nxd5 exd5 14. Qd2
Rfe8 15. Kf2 Qh4+ 16. Kg1 Rc6 17. dxc5 Rh6 18. h3 Nxc5 19. Rae1 Bc8 20. Bb5 Rd8
21. Qd4 Qg5 22. Qf4 Qg6 23. Qc7 Ne6 24. Qg3 Qc2 25. Qe5 a6 26. Rc1 Qb3 27. Bc6
Qd3 28. Ng3 f6 29. Qc3 Qg6 30. Kh2 d4 31. exd4 Nf4 32. Be4 Qg5 33. Qb3+ Be6 34.
Qxb6 Rf8 35. Rc5 f5 36. Rf2 Rg6 37. Nxf5 Bxf5 38. Qb3+ Ne6 39. Bxf5 Rxf5 40.
Re2 Rxc5 41. dxc5 h6 42. f4 Qxf4+ 43. g3 Qf6 44. c6 Kh7 45. Qb7 Qf3 46. Rg2 Nf4
47. Rg1 Qf2+ 0-1

[Event "Campeonato del Mundo Sub-20 2007 Fem."]
[Site "Yerevan ARM"]
[Date "2007.10.07"]
[Round "5.5"]
[White "Khotenashvili, Bela"]
[Black "Padmini, Rout"]
[Result "1-0"]
[WhiteElo "2328"]
[BlackElo "2226"]
[PlyCount "71"]
[EventDate "2007.10.03"]
[EventType "swiss"]
[EventRounds "13"]
[EventCountry "ARM"]
[Source "lmi"]
[SourceDate "2007.10.03"]

1. e4 d5 2. exd5 Qxd5 3. Nc3 Qa5 4. d4 Nf6 5. Nf3 c6 6. Bc4 Bf5 7. Qe2 e6 8.
Bd2 Bb4 9. O-O-O Nbd7 10. Ne5 Nxe5 11. dxe5 Nd5 12. Bxd5 exd5 13. g4 Bd7 14.
Kb1 O-O 15. a3 Be7 16. f4 Qc7 17. Rhf1 Rfe8 18. Rde1 b5 19. Qf2 Bf8 20. Nd1 a5
21. f5 b4 22. e6 fxe6 23. f6 gxf6 24. Qxf6 Bc8 25. Re5 Bg7 26. Rg5 Ba6 27. Rf2
c5 28. Bf4 e5 29. Bg3 Qe7 30. Qxe7 Rxe7 31. Ne3 Rb7 32. Bxe5 Kh8 33. Rxg7 Rxg7
34. Nf5 Re8 35. Nh6 Reg8 36. Nf7# 1-0

[Event "Campeonato del Mundo Sub-20 2007 Fem."]
[Site "Yerevan ARM"]
[Date "2007.10.07"]
[Round "5.7"]
[White "Soumya, Swaminathan"]
[Black "Hairapetian, Anna"]
[Result "1-0"]
[WhiteElo "2244"]
[BlackElo "2030"]
[PlyCount "73"]
[EventDate "2007.10.03"]
[EventType "swiss"]
[EventRounds "13"]
[EventCountry "ARM"]
[Source "lmi"]
[SourceDate "2007.10.03"]

1. e4 c5 2. Nf3 Nc6 3. d4 cxd4 4. Nxd4 Nf6 5. Nc3 e5 6. Ndb5 d6 7. Bg5 a6 8.
Na3 b5 9. Nd5 Be7 10. Bxf6 Bxf6 11. c3 Bg5 12. Nc2 O-O 13. a4 bxa4 14. Rxa4 a5
15. Bc4 Rb8 16. b3 Kh8 17. Nce3 g6 18. h4 Bxh4 19. g3 Bf6 20. Nf5 Bxf5 21. exf5
e4 22. Qg4 Ne5 23. Qh3 Nf3+ 24. Ke2 Ng5 25. Qh4 gxf5 26. Qf4 Be5 27. Qxf5 Rb7
28. Rh5 f6 29. Nf4 Re8 30. Bd5 Ra7 31. Rc4 Rc7 32. Rxg5 Rxc4 33. Rh5 Rc7 34.
Ng6+ Kg7 35. Rxh7+ Kxh7 36. Nxe5+ Kh8 37. Qh5+ 1-0

[Event "Campeonato del Mundo Sub-20 2007 Fem."]
[Site "Yerevan ARM"]
[Date "2007.10.07"]
[Round "5.8"]
[White "Mongontuul, Bathuyag"]
[Black "Gomes, Mary Ann"]
[Result "1-0"]
[WhiteElo "2405"]
[BlackElo "2262"]
[PlyCount "59"]
[EventDate "2007.10.03"]
[EventType "swiss"]
[EventRounds "13"]
[EventCountry "ARM"]
[Source "lmi"]
[SourceDate "2007.10.03"]

1. e4 c5 2. Nf3 d6 3. d4 cxd4 4. Nxd4 Nf6 5. Nc3 a6 6. Bd3 g6 7. O-O Bg7 8.
Nde2 O-O 9. f4 Nc6 10. Qe1 b5 11. a3 d5 12. e5 Ng4 13. Qg3 Kh8 14. Qf3 Be6 15.
h3 Nh6 16. Be3 Rc8 17. Nd4 Nxd4 18. Bxd4 Qd7 19. Rf2 f5 20. b4 Nf7 21. a4 Nd6
22. axb5 Ne4 23. Bxe4 dxe4 24. Qe3 axb5 25. Ra7 Qc6 26. Rxe7 Rfd8 27. Nxb5 Qxb5
28. Rxe6 Qd5 29. Re7 Qxd4 30. Re8+ 1-0

[Event "Campeonato del Mundo Sub-20 2007 Fem."]
[Site "Yerevan ARM"]
[Date "2007.10.07"]
[Round "5.9"]
[White "Melia, Salome"]
[Black "Gutierrez Mancillas, Alicia Abig"]
[Result "1/2-1/2"]
[WhiteElo "2365"]
[BlackElo "1981"]
[PlyCount "132"]
[EventDate "2007.10.03"]
[EventType "swiss"]
[EventRounds "13"]
[EventCountry "ARM"]
[Source "lmi"]
[SourceDate "2007.10.03"]

1. e4 e5 2. Nf3 Nc6 3. Bb5 Nge7 4. O-O g6 5. c3 Bg7 6. d4 exd4 7. cxd4 d5 8.
exd5 Nxd5 9. Re1+ Be6 10. Bg5 Qd6 11. Nc3 O-O 12. Qd2 Rfe8 13. Bh6 Bh8 14. Ne4
Qb4 15. Bxc6 bxc6 16. a3 Qxd2 17. Bxd2 Bg4 18. Ne5 Bf5 19. Nc5 Ne7 20. Na6 Rac8
21. Nb4 Bxe5 22. dxe5 c5 23. Na6 Nc6 24. Nxc5 Rxe5 25. Rxe5 Nxe5 26. Bc3 Nd3
27. g4 Nxc5 28. gxf5 gxf5 29. Rd1 Ne6 30. Rd5 f4 31. Kg2 c6 32. Rd7 Rc7 33. Rd6
c5 34. Kf3 Rb7 35. Ke4 Kf8 36. Bf6 Ke8 37. Rd3 Rd7 38. Rb3 Rd6 39. Rb8+ Kd7 40.
Rb7+ Kc6 41. Rxa7 Rd2 42. Kf3 Nd4+ 43. Bxd4 cxd4 44. b4 d3 45. Rxf7 Kd5 46.
Rxf4 Re2 47. Rf7 Re1 48. Rd7+ Kc4 49. b5 Kc3 50. Rc7+ Kb2 51. Rd7 Kc2 52. Rc7+
Kb2 53. Rd7 Kc2 54. b6 d2 55. b7 Re8 56. Rc7+ Kb2 57. Rd7 Kc2 58. a4 Rb8 59.
Rc7+ Kd3 60. Rd7+ Kc2 61. Ke2 Re8+ 62. Kf3 Rb8 63. Ke2 Re8+ 64. Kf1 Rb8 65. Ke2
Re8+ 66. Kf3 Rb8 1/2-1/2

[Event "Campeonato del Mundo Sub-20 2007 Fem."]
[Site "Yerevan ARM"]
[Date "2007.10.07"]
[Round "5.10"]
[White "Martirosian, Lia"]
[Black "Dauletova, Gulmira"]
[Result "0-1"]
[WhiteElo "2121"]
[BlackElo "2210"]
[PlyCount "124"]
[EventDate "2007.10.03"]
[EventType "swiss"]
[EventRounds "13"]
[EventCountry "ARM"]
[Source "lmi"]
[SourceDate "2007.10.03"]

1. d4 Nf6 2. Nf3 g6 3. Bg5 Bg7 4. Nbd2 O-O 5. c3 b6 6. e4 d6 7. Be2 Bb7 8. Qc2
c5 9. dxc5 bxc5 10. O-O Nbd7 11. Rfe1 Qc7 12. Bf1 e6 13. Rad1 Rfe8 14. Bb5 Bc6
15. Bxc6 Qxc6 16. Nc4 d5 17. Nce5 Nxe5 18. Nxe5 Qb7 19. Bxf6 Bxf6 20. exd5 exd5
21. Ng4 Bg7 22. Qd2 h5 23. Ne3 Rad8 24. b3 Kh7 25. h3 Qc6 26. Qd3 d4 27. cxd4
Bxd4 28. Qc4 Qf6 29. Rd3 Re4 30. Qc2 Rde8 31. Qd2 Qf4 32. Rf1 R8e6 33. Nc2 Qe5
34. Nxd4 cxd4 35. Qb4 Rf6 36. a4 Ref4 37. Qd2 Re4 38. Qb4 Rff4 39. Qc4 Re2 40.
Rdd1 h4 41. Qd3 Kg7 42. b4 Ra2 43. a5 g5 44. Rc1 Qe2 45. Qxe2 Rxe2 46. Rce1 Rb2
47. Rb1 Rfxf2 48. Rxb2 Rxb2 49. Rf5 Kg6 50. Rb5 a6 51. Rb6+ Kf5 52. Rxa6 Rxb4
53. Ra7 f6 54. a6 Kf4 55. Rf7 f5 56. a7 Ra4 57. Kf2 Ra2+ 58. Ke1 Ke3 59. Re7+
Kd3 60. Rd7 g4 61. hxg4 fxg4 62. Rg7 g3 0-1